Medzinárodná migrácia - aktuálny problém súčasných globalizačných procesov
Migrácia obyvateľstva ako jedna z najproblematickejších oblastí globalizačných procesov súčasnosti. Medzinárodné organizácie sa snažia o vymedzenie určitých pravidiel pre pohyb obyvateľstva. Migrácia obyvateľstva z chudobných častí sveta do krajín s rozvinutou demokraciou. Migrácia a s ňou spojené p...
Saved in:
| Main Author: | |
|---|---|
| Format: | Book Chapter |
| Language: | Slovak |
| Subjects: | |
| Tags: |
No Tags, Be the first to tag this record!
|
MARC
| LEADER | 00000naa$a2200000$$$4500 | ||
|---|---|---|---|
| 001 | 0039997 | ||
| 005 | 20240502071506.7 | ||
| 041 | 0 | |a slo | |
| 044 | |a SK | ||
| 245 | 1 | 0 | |a Medzinárodná migrácia - aktuálny problém súčasných globalizačných procesov |c Ján Liďák |
| 520 | |a Migrácia obyvateľstva ako jedna z najproblematickejších oblastí globalizačných procesov súčasnosti. Medzinárodné organizácie sa snažia o vymedzenie určitých pravidiel pre pohyb obyvateľstva. Migrácia obyvateľstva z chudobných častí sveta do krajín s rozvinutou demokraciou. Migrácia a s ňou spojené problémy vyvolávajú spoločenské napätie najmä na vnútropolitickej scéne. Hlavnými imigračnými krajinami zostávajú: Nemecko, Taliansko, Francúzsko, Holandsko a Švajčiarsko. Najviac migrantov je arabského islamského pôvodu. | ||
| 610 | 2 | 0 | |a migrácia |
| 610 | 2 | 0 | |a pohyb obyvateľstva |
| 610 | 2 | 0 | |a globalizácia |
| 610 | 2 | 0 | |a organizácie medzinárodné |
| 610 | 2 | 0 | |a krajiny rozvojové |
| 610 | 2 | 0 | |a krajiny vyspelé |
| 610 | 2 | 0 | |a chudoba |
| 610 | 2 | 0 | |a politika medzinárodná |
| 100 | 1 | |a Liďák, Ján | |